[Event "DLM 2008"]
[Site "Dresden GER"]
[Date "2008.11.14"]
[Round "1"]
[White "Savchenko, Aleksij"]
[Black "Zhou, Syang"]
[Result "1/2-1/2"]
[Termination "normal"]
[Board "1.1"]
[WhiteElo "2238"]
[BlackElo "2110"]
[WhiteTeam "Nordrhein-Westfalen"]
[BlackTeam "Württemberg 2"]
[PlyCount "85"]
[WhiteFideId "24611727"]
[BlackFideId "24636126"]
[EventCountry "GER"]
[EventRounds "7"]
[EventType "team-swiss"]
[EventDate "2008.11.13"]

1. d4 Nf6 2. Nf3 g6 3. e3 Bg7 4. Be2 O-O 5. O-O d6 6. b4 c5 7. a3 Na6 8. b5 Nc7
9. Bb2 cxd4 10. Nxd4 Ne4 11. c4 Nc5 12. Nc3 e5 13. Nb3 N7e6 14. Nxc5 Nxc5 15.
Na4 Be6 16. Rc1 Qa5 17. Nxc5 dxc5 18. Bf3 Rad8 19. Qb3 Qc7 20. Bd5 Bxd5 21.
cxd5 e4 22. Bxg7 Kxg7 23. Qc3+ Kg8 24. Qxc5 Qxc5 25. Rxc5 b6 26. Rc7 Rxd5 27.
a4 a6 28. bxa6 Ra5 29. Rc4 f5 30. Rd1 Rxa6 31. h4 Kg7 32. Rd6 Rf6 33. Rdd4 Rf7
34. Kh2 Raa7 35. Rb4 Rf6 36. Kg3 Re7 37. Kf4 Kh6 38. Rb5 Rc6 39. Rdb4 Ree6 40.
Rb2 Rc4 41. a5 bxa5 42. Rxa5 Rc7 43. Kg3 1/2-1/2

[Event "DLM 2008"]
[Site "Dresden GER"]
[Date "2008.11.14"]
[Round "1"]
[White "Geshnizjani, Ramin Tobias"]
[Black "Kotainy, Jens"]
[Result "1/2-1/2"]
[Termination "normal"]
[Board "1.2"]
[WhiteElo "2037"]
[BlackElo "2210"]
[WhiteTeam "Württemberg 2"]
[BlackTeam "Nordrhein-Westfalen"]
[PlyCount "74"]
[WhiteFideId "24633089"]
[BlackFideId "24670499"]
[EventCountry "GER"]
[EventRounds "7"]
[EventType "team-swiss"]
[EventDate "2008.11.13"]

1. e4 e6 2. d4 d5 3. Nd2 Be7 4. Ngf3 Nf6 5. Bd3 c5 6. exd5 exd5 7. dxc5 O-O 8.
O-O Bxc5 9. Nb3 Bd6 10. Bg5 Nc6 11. c3 Bg4 12. Be2 Re8 13. Re1 Bc7 14. Bh4 Bb6
15. Qd3 Qd6 16. Rad1 Rad8 17. Nfd4 Bxd4 18. Nxd4 Nxd4 19. cxd4 Bxe2 20. Rxe2
Rxe2 21. Qxe2 Re8 22. Qb5 Qe6 23. Bxf6 a6 24. Qd3 Qxf6 25. g3 g6 26. Rc1 Re4
27. Qa3 Qxd4 28. Rc8+ Kg7 29. Qf8+ Kf6 30. Qd8+ Kf5 31. Kg2 Re6 32. Qd7 Qe4+
33. Kg1 Qe1+ 34. Kg2 Qe4+ 35. Kg1 Qb1+ 36. Kg2 Qe4+ 37. Kg1 Qe1+ 1/2-1/2

[Event "DLM 2008"]
[Site "Dresden GER"]
[Date "2008.11.14"]
[Round "1"]
[White "Tkachuk, Konstantyn"]
[Black "Lange, Jan-David"]
[Result "1-0"]
[Termination "normal"]
[Board "1.3"]
[WhiteElo "2180"]
[BlackElo "2117"]
[WhiteTeam "Nordrhein-Westfalen"]
[BlackTeam "Württemberg 2"]
[PlyCount "97"]
[WhiteFideId "24647330"]
[BlackFideId "24614963"]
[EventCountry "GER"]
[EventRounds "7"]
[EventType "team-swiss"]
[EventDate "2008.11.13"]

1. e4 c5 2. Nf3 Nc6 3. d4 cxd4 4. Nxd4 Nf6 5. Nc3 d6 6. Bc4 Qb6 7. Nb3 e6 8.
Be3 Qd8 9. O-O Be7 10. f4 O-O 11. g4 d5 12. exd5 exd5 13. Nxd5 Nxg4 14. Nxe7+
Qxe7 15. Bc5 Qh4 16. Qe2 Rd8 17. Rad1 Bf5 18. Rxd8+ Rxd8 19. c3 h6 20. Qg2 Bd3
21. Bxd3 Rxd3 22. Bf2 Qh5 23. Re1 Nf6 24. Bg3 a5 25. Qe2 Qd5 26. Bf2 Rf3 27.
Be3 Ng4 28. Qd2 Qf5 29. Nd4 Qe4 30. Nxf3 Qxf3 31. Qg2 Qxg2+ 32. Kxg2 Kh7 33. h3
Nf6 34. Kf3 Kg6 35. Bc5 Kf5 36. b4 g5 37. b5 Nb8 38. Re5+ Kg6 39. fxg5 hxg5 40.
Be7 Nbd7 41. Bxf6 Kxf6 42. Rd5 Nf8 43. c4 Ne6 44. c5 Ke7 45. c6 b6 46. Rd7+ Ke8
47. Kg4 Nc5 48. Rb7 f6 49. Rb8+ 1-0

[Event "DLM 2008"]
[Site "Dresden GER"]
[Date "2008.11.14"]
[Round "1"]
[White "Djalalova, Nigora"]
[Black "Krug, Kevin"]
[Result "0-1"]
[Termination "normal"]
[Board "1.4"]
[WhiteElo "1961"]
[BlackElo "2204"]
[WhiteTeam "Württemberg 2"]
[BlackTeam "Nordrhein-Westfalen"]
[PlyCount "110"]
[WhiteFideId "14202166"]
[BlackFideId "24609110"]
[EventCountry "GER"]
[EventRounds "7"]
[EventType "team-swiss"]
[EventDate "2008.11.13"]

1. d4 d5 2. c4 c6 3. cxd5 cxd5 4. Nc3 Nf6 5. Bf4 Nc6 6. e3 a6 7. Bd3 e6 8. Rc1
Bd6 9. Bxd6 Qxd6 10. f4 O-O 11. Nf3 b5 12. Ne5 Na5 13. O-O Bb7 14. Qe1 Rfc8 15.
Qh4 Nc4 16. Rf3 h6 17. Rg3 Kf8 18. Ng4 Qd8 19. f5 Nxb2 20. Bb1 Na4 21. Ne2
Rxc1+ 22. Nxc1 Rc8 23. Nb3 Nc3 24. Bd3 exf5 25. Nxf6 Qxf6 26. Qxf6 gxf6 27. Nc5
Rc7 28. a3 Bc8 29. Rf3 Rc6 30. Kf1 Ke7 31. Ke1 Na4 32. Nxa4 bxa4 33. Kd2 Rb6
34. Bc2 Rb2 35. Kc3 Ra2 36. Bxa4 Rxg2 37. h3 a5 38. Bc6 Ke6 39. Kb3 Ba6 40. h4
Be2 41. Bxd5+ Kxd5 42. Rxf5+ Ke6 43. Rxa5 Rg3 44. Kb4 Rxe3 45. Ra8 Kd6 46. Rd8+
Ke7 47. Rh8 h5 48. Ra8 f5 49. Ra7+ Kf6 50. Kc5 f4 51. d5 f3 52. Ra4 Ke5 53. Ra8
f2 54. Re8+ Kf4 55. Rxe3 Kxe3 0-1

[Event "DLM 2008"]
[Site "Dresden GER"]
[Date "2008.11.14"]
[Round "1"]
[White "Gibicar, Danijel"]
[Black "Blübaum, Matthias"]
[Result "0-1"]
[Termination "normal"]
[Board "1.6"]
[WhiteElo "1863"]
[BlackElo "2019"]
[WhiteTeam "Württemberg 2"]
[BlackTeam "Nordrhein-Westfalen"]
[PlyCount "76"]
[WhiteFideId "24660256"]
[BlackFideId "24651516"]
[EventCountry "GER"]
[EventRounds "7"]
[EventType "team-swiss"]
[EventDate "2008.11.13"]

1. d4 Nf6 2. Nf3 c5 3. e3 e6 4. Bd3 b6 5. Nbd2 Bb7 6. O-O Be7 7. Qe2 O-O 8. c3
d5 9. Ne5 Nbd7 10. f4 Qc7 11. Qf3 a5 12. g4 Ba6 13. Bxa6 Rxa6 14. g5 Nxe5 15.
fxe5 Ne4 16. Nxe4 dxe4 17. Qg3 b5 18. b3 a4 19. Bb2 Ra7 20. h4 axb3 21. axb3
Rxa1 22. Rxa1 f6 23. Qh3 f5 24. Qg3 cxd4 25. exd4 f4 26. Qg4 Qc6 27. Rf1 f3 28.
Kf2 Qd5 29. Ke3 Qxb3 30. Rf2 Qd1 31. Qxe6+ Kh8 32. Kxe4 Qe1+ 33. Kd5 Rd8+ 34.
Kc6 Qxf2 35. Qxe7 Rg8 36. d5 Qxb2 37. d6 Qxc3+ 38. Kd7 Qc8# 0-1

[Event "DLM 2008"]
[Site "Dresden GER"]
[Date "2008.11.14"]
[Round "1"]
[White "Strößner, Lena"]
[Black "Schäfer, Daniela"]
[Result "1-0"]
[Termination "normal"]
[Board "1.7"]
[WhiteElo "1991"]
[BlackElo "1856"]
[WhiteTeam "Nordrhein-Westfalen"]
[BlackTeam "Württemberg 2"]
[PlyCount "85"]
[WhiteFideId "4623525"]
[BlackFideId "4624769"]
[EventCountry "GER"]
[EventRounds "7"]
[EventType "team-swiss"]
[EventDate "2008.11.13"]

1. Nf3 g6 2. d4 Bg7 3. c4 Nf6 4. Nc3 O-O 5. Bf4 d6 6. h3 Nbd7 7. e3 c5 8. Be2
Qb6 9. Qd2 Re8 10. d5 Nh5 11. Bh2 Nf8 12. e4 Nf6 13. O-O Qd8 14. Bd3 b6 15.
Rad1 Bb7 16. Rfe1 N6d7 17. Bc2 a6 18. a4 Qc7 19. Qe3 Rad8 20. Re2 Ne5 21. Nd2
e6 22. Kh1 exd5 23. cxd5 Ned7 24. Nc4 Ne5 25. Bxe5 Bxe5 26. Nxe5 dxe5 27. Red2
Qd6 28. Nb1 b5 29. Na3 Qb6 30. Qb3 b4 31. Nc4 Qf6 32. Qe3 Nd7 33. a5 Kg7 34.
Ba4 Bc8 35. Bxd7 Bxd7 36. Qxc5 b3 37. Nb6 Qf4 38. Qb4 h6 39. Kg1 Kh7 40. Rd3 f5
41. Rf3 Qxe4 42. Qxe4 fxe4 43. Rf7+ 1-0

[Event "DLM 2008"]
[Site "Dresden GER"]
[Date "2008.11.14"]
[Round "1"]
[White "Bohm, Stephanie"]
[Black "Kuckling, Hannah"]
[Result "0-1"]
[Termination "normal"]
[Board "1.8"]
[WhiteElo "1162"]
[BlackElo "1489"]
[WhiteTeam "Württemberg 2"]
[BlackTeam "Nordrhein-Westfalen"]
[PlyCount "102"]
[BlackFideId "24603660"]
[EventCountry "GER"]
[EventRounds "7"]
[EventType "team-swiss"]
[EventDate "2008.11.13"]

1. d4 Nf6 2. c4 g6 3. Nc3 Bg7 4. Nf3 O-O 5. Bf4 d6 6. e3 Nbd7 7. g3 c5 8. d5
Nb6 9. Nd2 Nh5 10. Qf3 Nd7 11. Bg2 Nxf4 12. Qxf4 Ne5 13. Qe4 Bf5 14. Qh4 Nd3+
15. Ke2 Bf6 16. Qh6 Nxb2 17. Nce4 Bg7 18. Qh4 Na4 19. Rac1 Nb6 20. Bh3 Bxh3 21.
Qxh3 Qd7 22. g4 Qc8 23. f4 h6 24. f5 g5 25. Nf3 f6 26. Qh5 Qe8 27. Qg6 Qxg6 28.
fxg6 f5 29. Nf2 Rf6 30. gxf5 Rxf5 31. h4 Raf8 32. Rh3 gxh4 33. Rf1 Nxc4 34.
Nxh4 Rxd5 35. Rf3 Rxf3 36. Kxf3 Nd2+ 37. Ke2 Nxf1 38. Kxf1 Rd2 39. Ne4 Rxa2 40.
Nf5 Kf8 41. Neg3 b5 42. Nh5 Ba1 43. g7+ Bxg7 44. Nhxg7 b4 45. Ne6+ Kf7 46. Nd8+
Kf6 47. Ng3 b3 48. Nh5+ Kg5 49. Nf4 b2 50. Nde6+ Kf6 51. Nf8 b1=Q# 0-1

[Event "DLM 2008"]
[Site "Dresden GER"]
[Date "2008.11.14"]
[Round "1"]
[White "Figura, Atila Gajo"]
[Black "Lubbe, Nikolas"]
[Result "1-0"]
[Termination "normal"]
[Board "2.1"]
[WhiteElo "2412"]
[BlackElo "2269"]
[WhiteTeam "Berlin"]
[BlackTeam "Niedersachsen"]
[PlyCount "73"]
[WhiteFideId "4688058"]
[BlackFideId "4694031"]
[EventCountry "GER"]
[EventRounds "7"]
[EventType "team-swiss"]
[EventDate "2008.11.13"]

1. d4 Nf6 2. c4 c5 3. d5 e6 4. Nc3 exd5 5. cxd5 d6 6. e4 g6 7. Nf3 Bg7 8. h3
O-O 9. Bd3 a6 10. a4 Qe7 11. O-O Nbd7 12. Bf4 Ne8 13. Bg5 Bf6 14. Be3 Rb8 15.
a5 b5 16. axb6 Rxb6 17. Qc2 g5 18. Rae1 Ne5 19. Nxe5 Bxe5 20. Qd2 f6 21. Rb1
Ng7 22. b3 Qb7 23. Bc4 Qf7 24. Ne2 f5 25. f4 gxf4 26. Nxf4 Qe8 27. Nd3 fxe4 28.
Rxf8+ Kxf8 29. Nxe5 Qxe5 30. Qa5 Rb8 31. Qd8+ Ne8 32. Rf1+ Kg7 33. Bf4 Qd4+ 34.
Kh2 Nf6 35. Bxd6 Bxh3 36. Qe7+ Kg6 37. Rxf6+ 1-0

[Event "DLM 2008"]
[Site "Dresden GER"]
[Date "2008.11.14"]
[Round "1"]
[White "Holloway, Timo"]
[Black "Glantz, Robert"]
[Result "1/2-1/2"]
[Termination "normal"]
[Board "2.2"]
[WhiteElo "2161"]
[BlackElo "2197"]
[WhiteTeam "Niedersachsen"]
[BlackTeam "Berlin"]
[PlyCount "104"]
[WhiteFideId "24631426"]
[BlackFideId "24629596"]
[EventCountry "GER"]
[EventRounds "7"]
[EventType "team-swiss"]
[EventDate "2008.11.13"]

1. e4 c5 2. Nf3 d6 3. d4 cxd4 4. Nxd4 Nf6 5. Nc3 a6 6. Be3 e5 7. Nf3 Be7 8. Bc4
O-O 9. O-O Be6 10. Qe2 Nc6 11. Rfd1 Rc8 12. Bb3 h6 13. Na4 Nd7 14. Bxe6 fxe6
15. c4 Qa5 16. Nc3 Nf6 17. a3 Qc7 18. Na4 Nd7 19. b4 b6 20. Rac1 Rb8 21. Nc3
Qb7 22. Qa2 Rf6 23. h3 Rbf8 24. Nh2 Qb8 25. Ne2 Rg6 26. Qc2 Nf6 27. Ng3 Nh7 28.
Qd2 Ng5 29. h4 Nh7 30. h5 Rgf6 31. Ng4 R6f7 32. b5 axb5 33. cxb5 Na5 34. Rc3
Kh8 35. f3 Nf6 36. Nxf6 Rxf6 37. Qf2 Rc8 38. Rdc1 Rc5 39. Bxc5 dxc5 40. Nf1 c4
41. Ne3 Bc5 42. Kf1 Bd4 43. Qe2 Qe8 44. Nxc4 Bxc3 45. Rxc3 Qxb5 46. Nxa5 Qxa5
47. Rb3 Rf8 48. Qc4 Qd2 49. Qe2 Qc1+ 50. Kf2 Rc8 51. Rb2 Qh1 52. Rc2 Qh4+
1/2-1/2

[Event "DLM 2008"]
[Site "Dresden GER"]
[Date "2008.11.14"]
[Round "1"]
[White "Kachibadze, Georg"]
[Black "Schulz, Jens"]
[Result "1-0"]
[Termination "normal"]
[Board "2.3"]
[WhiteElo "2158"]
[BlackElo "2085"]
[WhiteTeam "Berlin"]
[BlackTeam "Niedersachsen"]
[PlyCount "89"]
[WhiteFideId "24640794"]
[BlackFideId "24675687"]
[EventCountry "GER"]
[EventRounds "7"]
[EventType "team-swiss"]
[EventDate "2008.11.13"]

1. e4 e5 2. Nf3 Nc6 3. Bc4 Bc5 4. c3 Nf6 5. d3 d6 6. O-O O-O 7. h3 a6 8. Bb3
Ba7 9. Be3 Ne7 10. Bxa7 Rxa7 11. Nh4 Ng6 12. Nxg6 hxg6 13. f4 Nh5 14. fxe5 dxe5
15. Qf3 Qe7 16. d4 Be6 17. Nd2 Bxb3 18. Nxb3 Raa8 19. Rad1 Rae8 20. Rfe1 b6 21.
Nd2 Qe6 22. a3 Nf4 23. Qf1 b5 24. Nf3 f6 25. d5 Qd6 26. g3 Nh5 27. Kg2 f5 28.
Qe2 f4 29. g4 Ng3 30. Qd3 Qf6 31. c4 Rd8 32. c5 Rd7 33. Qc3 Re8 34. a4 c6 35.
d6 Qe6 36. Ra1 Qc4 37. Qxc4+ bxc4 38. Nd2 Kf7 39. Nxc4 Ke6 40. Ra3 Rb8 41. Rd3
Rb4 42. b3 Rdb7 43. Na5 Rb8 44. d7 Nxe4 45. Nxc6 1-0

[Event "DLM 2008"]
[Site "Dresden GER"]
[Date "2008.11.14"]
[Round "1"]
[White "Schreiner, Till"]
[Black "Kropman, Alexei"]
[Result "1/2-1/2"]
[Termination "normal"]
[Board "2.4"]
[WhiteElo "2066"]
[BlackElo "1960"]
[WhiteTeam "Niedersachsen"]
[BlackTeam "Berlin"]
[PlyCount "58"]
[WhiteFideId "24675555"]
[BlackFideId "24670723"]
[EventCountry "GER"]
[EventRounds "7"]
[EventType "team-swiss"]
[EventDate "2008.11.13"]

1. d4 d5 2. c4 c6 3. Nc3 Nf6 4. Nf3 e6 5. e3 Nbd7 6. Bd3 dxc4 7. Bxc4 b5 8. Bd3
a6 9. e4 c5 10. e5 cxd4 11. Nxb5 axb5 12. exf6 gxf6 13. O-O Qb6 14. Qe2 Bb7 15.
Bxb5 Bd6 16. Rd1 Rg8 17. g3 Rg4 18. Bf4 Rxf4 19. gxf4 Ke7 20. Nh4 Rg8+ 21. Kf1
Qc5 22. Bxd7 Qd5 23. f3 Kxd7 24. Rac1 Bxf4 25. Rc4 e5 26. Nf5 Qxf3+ 27. Qxf3
Bxf3 28. Rdxd4+ exd4 29. Rxd4+ Bd5 1/2-1/2

[Event "DLM 2008"]
[Site "Dresden GER"]
[Date "2008.11.14"]
[Round "1"]
[White "Moritz, Aron"]
[Black "Schulze, Dorothee"]
[Result "1-0"]
[Termination "normal"]
[Board "2.5"]
[WhiteElo "1979"]
[BlackElo "1990"]
[WhiteTeam "Berlin"]
[BlackTeam "Niedersachsen"]
[PlyCount "105"]
[WhiteFideId "24672319"]
[BlackFideId "24609498"]
[EventCountry "GER"]
[EventRounds "7"]
[EventType "team-swiss"]
[EventDate "2008.11.13"]

1. e4 c5 2. Nf3 d6 3. d4 cxd4 4. Nxd4 Nf6 5. Nc3 g6 6. Be3 Bg7 7. f3 O-O 8. Qd2
Nc6 9. O-O-O d5 10. exd5 Nxd5 11. Nxc6 bxc6 12. Bd4 e5 13. Bc5 Be6 14. Ne4 Re8
15. h4 h6 16. g4 Qc7 17. g5 h5 18. Bh3 Bxh3 19. Rxh3 Red8 20. Qf2 Qa5 21. a3
Bf8 22. Rhh1 Bxc5 23. Nxc5 Qb6 24. Rhe1 Rab8 25. Nd3 Qxf2 26. Nxf2 Nf4 27. Rxe5
Ng2 28. Rxd8+ Rxd8 29. Re4 Rd5 30. Nd3 Rf5 31. Ne5 c5 32. Nd7 Rxf3 33. Re8+ Kg7
34. Nf6 Rxf6 35. gxf6+ Kxf6 36. Re4 g5 37. hxg5+ Kxg5 38. Kd1 f5 39. Re7 Kg4
40. Ke2 Nf4+ 41. Kf1 h4 42. Rxa7 h3 43. Kf2 Ne6 44. a4 f4 45. Rf7 c4 46. a5 Nc5
47. Rg7+ Kf5 48. Kf3 Ne6 49. a6 Nxg7 50. a7 Ne6 51. a8=Q Ng5+ 52. Ke2 Kg4 53.
Kf2 1-0

[Event "DLM 2008"]
[Site "Dresden GER"]
[Date "2008.11.14"]
[Round "1"]
[White "Kyas, Philipp"]
[Black "Nekrasova, Kateryna"]
[Result "1-0"]
[Termination "normal"]
[Board "2.6"]
[WhiteElo "1889"]
[BlackElo "1808"]
[WhiteTeam "Niedersachsen"]
[BlackTeam "Berlin"]
[PlyCount "59"]
[WhiteFideId "24670936"]
[BlackFideId "24636266"]
[EventCountry "GER"]
[EventRounds "7"]
[EventType "team-swiss"]
[EventDate "2008.11.13"]

1. d4 d5 2. c4 dxc4 3. Nc3 Nf6 4. e4 Nc6 5. e5 Nd5 6. Bxc4 Nb6 7. Bb5 a6 8.
Bxc6+ bxc6 9. Nf3 e6 10. O-O Be7 11. Ne4 Qd5 12. Qc2 Nd7 13. Be3 Bb7 14. Nc3
Qa5 15. a3 c5 16. dxc5 c6 17. b4 Qc7 18. Bf4 O-O 19. Ne4 h6 20. Rfd1 a5 21. Bg3
Rfd8 22. Nf6+ Bxf6 23. exf6 Qc8 24. fxg7 Kxg7 25. bxa5 f6 26. Qc4 e5 27. Qg4+
Kf7 28. Qh5+ Kg7 29. Nh4 Rf8 30. Nf5+ 1-0

[Event "DLM 2008"]
[Site "Dresden GER"]
[Date "2008.11.14"]
[Round "1"]
[White "Kostré, Margarita"]
[Black "Dorn, Carina"]
[Result "1-0"]
[Termination "normal"]
[Board "2.7"]
[WhiteElo "1733"]
[BlackElo "1778"]
[WhiteTeam "Berlin"]
[BlackTeam "Niedersachsen"]
[PlyCount "65"]
[WhiteFideId "4673344"]
[BlackFideId "24666335"]
[EventCountry "GER"]
[EventRounds "7"]
[EventType "team-swiss"]
[EventDate "2008.11.13"]

1. e4 e6 2. d4 d5 3. Nc3 Bb4 4. e5 Qd7 5. a3 Bxc3+ 6. bxc3 b6 7. Qg4 f5 8. Qg3
Ba6 9. Bxa6 Nxa6 10. Ne2 O-O-O 11. O-O Qf7 12. a4 Kb7 13. Ba3 h6 14. f4 Rh7 15.
Rfb1 g6 16. a5 Nb8 17. c4 dxc4 18. Qf3+ Kc8 19. a6 Qe8 20. Qb7+ Kd7 21. Bd6 Rc8
22. Rxb6 Kd8 23. Qxa7 cxb6 24. Qxh7 Nd7 25. a7 Ra8 26. d5 Kc8 27. Nd4 exd5 28.
e6 Ngf6 29. exd7+ Nxd7 30. Qe7 Qh8 31. Be5 Qd8 32. Qxd8+ Kxd8 33. Ne6+ 1-0

[Event "DLM 2008"]
[Site "Dresden GER"]
[Date "2008.11.14"]
[Round "1"]
[White "Manusina, Nicole"]
[Black "Lagunov, Elina"]
[Result "1-0"]
[Termination "normal"]
[Board "2.8"]
[WhiteElo "1612"]
[BlackElo "1344"]
[WhiteTeam "Niedersachsen"]
[BlackTeam "Berlin"]
[PlyCount "117"]
[WhiteFideId "24657514"]
[BlackFideId "4673387"]
[EventCountry "GER"]
[EventRounds "7"]
[EventType "team-swiss"]
[EventDate "2008.11.13"]

1. d4 Nf6 2. c4 g6 3. Nc3 Bg7 4. e4 d6 5. f3 O-O 6. Be3 Nc6 7. Bd3 e5 8. d5 Nd4
9. Nge2 Ne8 10. O-O c6 11. f4 Bg4 12. Qd2 f5 13. fxe5 dxe5 14. exf5 gxf5 15.
Bg5 Qd7 16. dxc6 bxc6 17. h3 Bxe2 18. Bxe2 f4 19. Kh1 Nd6 20. Bg4 Qf7 21. b3 h6
22. Bh4 e4 23. Rad1 Rae8 24. c5 N6b5 25. Nxb5 cxb5 26. Rde1 e3 27. Qd3 Qd5 28.
Bf3 Qxc5 29. Rc1 Qe5 30. Be2 a6 31. b4 Nf5 32. Rc5 Qe4 33. Qxe4 Rxe4 34. Be1
Nd4 35. Bf3 e2 36. Rg1 Nxf3 37. gxf3 Re7 38. Rd5 Kh8 39. Rd6 Re3 40. Kg2 Rg8
41. Kf2 Rf8 42. Rdg6 Rf7 43. Rxa6 Bf6 44. Rg4 Bg7 45. Rxf4 Rfe7 46. Rc6 Rd3 47.
Re4 Rf7 48. Kxe2 Rdxf3 49. Rc5 Rxh3 50. Rxb5 Rh2+ 51. Kd3 Rxa2 52. Rb8+ Kh7 53.
b5 Bf8 54. Re6 Rb2 55. Bc3 Rg2 56. b6 Bg7 57. Bxg7 Rgxg7 58. Kc4 Rf1 59. Re3
1-0

[Event "DLM 2008"]
[Site "Dresden GER"]
[Date "2008.11.14"]
[Round "1"]
[White "Schlötzer, Waldemar"]
[Black "Fink, Leander"]
[Result "1-0"]
[Termination "normal"]
[Board "3.1"]
[WhiteElo "2245"]
[BlackElo "2126"]
[WhiteTeam "Baden"]
[BlackTeam "Hessen 2"]
[PlyCount "73"]
[WhiteFideId "24602140"]
[BlackFideId "24605247"]
[EventCountry "GER"]
[EventRounds "7"]
[EventType "team-swiss"]
[EventDate "2008.11.13"]

1. d4 Nf6 2. c4 g6 3. Nc3 Bg7 4. e4 d6 5. Nf3 O-O 6. Be2 e5 7. Be3 Ng4 8. Bg5
f6 9. Bc1 Nc6 10. d5 Ne7 11. h3 Nh6 12. h4 Nf7 13. h5 g5 14. Nh2 f5 15. exf5 e4
16. f6 Bxf6 17. Nxe4 Bg7 18. Nxg5 Nxg5 19. Bxg5 Bxb2 20. Ng4 Qe8 21. O-O Nf5
22. Rb1 Bg7 23. Bd3 h6 24. Bxf5 Rxf5 25. Bxh6 Qxh5 26. Bxg7 Kxg7 27. Qd4+ Kf7
28. Rb3 Qg5 29. g3 b6 30. Re1 Bd7 31. Rbe3 Rf8 32. Re7+ Qxe7 33. Nh6+ Ke8 34.
Rxe7+ Kxe7 35. Nxf5+ Bxf5 36. g4 Bb1 37. f4 1-0

[Event "DLM 2008"]
[Site "Dresden GER"]
[Date "2008.11.14"]
[Round "1"]
[White "Aslan, Benjamin"]
[Black "Lutz, Bernhard"]
[Result "0-1"]
[Termination "normal"]
[Board "3.2"]
[WhiteElo "1979"]
[BlackElo "2187"]
[WhiteTeam "Hessen 2"]
[BlackTeam "Baden"]
[PlyCount "86"]
[WhiteFideId "24640298"]
[BlackFideId "24628638"]
[EventCountry "GER"]
[EventRounds "7"]
[EventType "team-swiss"]
[EventDate "2008.11.13"]

1. d4 Nf6 2. c4 e6 3. g3 Bb4+ 4. Bd2 Qe7 5. Bg2 Nc6 6. e3 e5 7. d5 Nb8 8. Nc3
O-O 9. Nge2 d6 10. O-O a5 11. a3 Bxc3 12. Nxc3 e4 13. Qc2 Bf5 14. f4 exf3 15.
Qxf5 fxg2 16. Kxg2 Nbd7 17. Rf4 Nc5 18. Raf1 Nfd7 19. Nb5 c6 20. Nd4 g6 21. Qg4
Kh8 22. dxc6 Ne5 23. Qe2 bxc6 24. Bc3 Na4 25. Qc2 Nxc3 26. Qxc3 a4 27. c5 Kg8
28. cxd6 Qxd6 29. Rc1 Rab8 30. Rf2 c5 31. Nf3 Ng4 32. Rd2 Qe6 33. e4 Rb3 34.
Qxc5 Qxe4 35. Rc3 Ne3+ 36. Kf2 Ng4+ 37. Kg2 Re8 38. Rxb3 axb3 39. Qc3 Ne3+ 40.
Kf2 Nd1+ 41. Rxd1 Qe2+ 42. Kg1 Qxd1+ 43. Kg2 Qc2+ 0-1

[Event "DLM 2008"]
[Site "Dresden GER"]
[Date "2008.11.14"]
[Round "1"]
[White "Frey, Alisa"]
[Black "Jung, Gerhard"]
[Result "1/2-1/2"]
[Termination "normal"]
[Board "3.3"]
[WhiteElo "2001"]
[BlackElo "1931"]
[WhiteTeam "Baden"]
[BlackTeam "Hessen 2"]
[PlyCount "57"]
[WhiteFideId "24634662"]
[BlackFideId "24629812"]
[EventCountry "GER"]
[EventRounds "7"]
[EventType "team-swiss"]
[EventDate "2008.11.13"]

1. e4 e5 2. Nf3 Nc6 3. Bb5 a6 4. Ba4 Nf6 5. O-O Be7 6. Re1 b5 7. Bb3 O-O 8. c3
d5 9. exd5 Nxd5 10. Nxe5 Nxe5 11. Rxe5 c6 12. d4 Bd6 13. Re1 Qh4 14. g3 Qh3 15.
Re4 g5 16. Qf1 Qh5 17. Nd2 Nf6 18. Re2 Bf5 19. Bd1 Qh6 20. Nf3 Bd3 21. Bxg5 Qg6
22. Qh3 Bxe2 23. Bxe2 Rfe8 24. Bf1 Nd5 25. Bd2 Qe6 26. Qh4 Qg6 27. Qh3 Qe6 28.
Qh4 Qg6 29. Qh3 1/2-1/2

[Event "DLM 2008"]
[Site "Dresden GER"]
[Date "2008.11.14"]
[Round "1"]
[White "Donchenko, Alexander"]
[Black "Tiemann, Christoph"]
[Result "1/2-1/2"]
[Termination "normal"]
[Board "3.4"]
[WhiteElo "1877"]
[BlackElo "2079"]
[WhiteTeam "Hessen 2"]
[BlackTeam "Baden"]
[PlyCount "48"]
[WhiteFideId "24603295"]
[BlackFideId "24676900"]
[EventCountry "GER"]
[EventRounds "7"]
[EventType "team-swiss"]
[EventDate "2008.11.13"]

1. d4 Nf6 2. Nf3 g6 3. g3 Bg7 4. Bg2 O-O 5. O-O d6 6. b3 c5 7. c4 Bd7 8. Bb2
cxd4 9. Nxd4 Nc6 10. Nc3 Rb8 11. Qd2 a6 12. Rfd1 Re8 13. Rac1 Qa5 14. a3 Qh5
15. Nd5 Nxd5 16. Nxc6 bxc6 17. Bxg7 Kxg7 18. cxd5 c5 19. b4 Ba4 20. Re1 cxb4
21. axb4 Rec8 22. Rxc8 Rxc8 23. Rc1 Rxc1+ 24. Qxc1 Bb5 1/2-1/2

[Event "DLM 2008"]
[Site "Dresden GER"]
[Date "2008.11.14"]
[Round "1"]
[White "Schuhmacher, Jakob"]
[Black "Zuyev, Lisa"]
[Result "1/2-1/2"]
[Termination "normal"]
[Board "3.7"]
[WhiteElo "1630"]
[BlackElo "1527"]
[WhiteTeam "Baden"]
[BlackTeam "Hessen 2"]
[PlyCount "79"]
[WhiteFideId "4612787"]
[EventCountry "GER"]
[EventRounds "7"]
[EventType "team-swiss"]
[EventDate "2008.11.13"]

1. d4 Nf6 2. Nf3 e6 3. c4 b6 4. Nc3 Bb4 5. Bd2 O-O 6. e3 Bb7 7. Bd3 d5 8. cxd5
Nxd5 9. e4 Nf6 10. e5 Bxc3 11. bxc3 Ne4 12. Qe2 Nxd2 13. Qxd2 Nd7 14. Qe3 c5
15. O-O Rc8 16. Rac1 Bd5 17. a4 Qe7 18. Nd2 f6 19. Qh3 g6 20. f4 cxd4 21. cxd4
Rxc1 22. Rxc1 Qb4 23. Qe3 Qxa4 24. Ne4 Qa2 25. Rc2 Qa1+ 26. Rc1 Qa2 27. Rc7 Rf7
28. Be2 Qb1+ 29. Bf1 Bxe4 30. Qh3 Bf5 31. g4 Be4 32. f5 gxf5 33. exf6 Nxf6 34.
Rc8+ Rf8 35. Rxf8+ Kxf8 36. Qh6+ Kf7 37. g5 Ng4 38. Qxh7+ Ke8 39. Qg8+ Kd7 40.
Qf7+ 1/2-1/2

[Event "DLM 2008"]
[Site "Dresden GER"]
[Date "2008.11.14"]
[Round "1"]
[White "Sancar, Alina"]
[Black "Spiegelberg, Silvia"]
[Result "1-0"]
[Termination "normal"]
[Board "3.8"]
[WhiteElo "1503"]
[BlackElo "1535"]
[WhiteTeam "Hessen 2"]
[BlackTeam "Baden"]
[PlyCount "67"]
[WhiteFideId "4624750"]
[BlackFideId "24654450"]
[EventCountry "GER"]
[EventRounds "7"]
[EventType "team-swiss"]
[EventDate "2008.11.13"]

1. d4 Nf6 2. Nf3 c5 3. c3 e6 4. Bf4 d5 5. e3 Bd6 6. Bxd6 Qxd6 7. Nbd2 c4 8. Qc2
Nc6 9. e4 Nxe4 10. Nxe4 dxe4 11. Qxe4 Qd5 12. Nd2 b5 13. a4 Bb7 14. Qxd5 exd5
15. axb5 Ne7 16. b3 cxb3 17. Nxb3 Nf5 18. Nc5 Nd6 19. Bd3 Bc8 20. O-O O-O 21.
Rfe1 g6 22. Re7 Rb8 23. Raxa7 Nxb5 24. Bxb5 Rxb5 25. h3 Rb1+ 26. Kh2 Rb2 27. f3
Rc2 28. Na4 Be6 29. Rac7 Ra8 30. Nc5 Raa2 31. Re8+ Kg7 32. Nxe6+ Kh6 33. Nf4
Kg7 34. Ree7 1-0